Retiro / (Record no. 1150)

MARC details
000 -LEADER
campo de control de longitud fija 00485nam a22001697a 4500
008 - DATOS DE LONGITUD FIJA--INFORMACIÓN GENERAL
campo de control de longitud fija 170318s2010 gt||||| |||| 00| 0 spa d
082 04 - NÚMERO DE LA CLASIFICACIÓN DECIMAL DEWEY
Número de clasificación 861.972.81
Número de ítem A366r
100 1# - ENTRADA PRINCIPAL--NOMBRE DE PERSONA
Nombre de persona Alejos, Luis Fernando.
9 (RLIN) 5747
245 10 - MENCIÓN DEL TÍTULO
Título Retiro /
Mención de responsabilidad, etc. Luis Fernando Alejos.
250 ## - MENCION DE EDICION
Mención de edición 1a ed.
260 ## - PUBLICACIÓN, DISTRIBUCIÓN, ETC.
Lugar de publicación, distribución, etc. Guatemala :
Nombre del editor, distribuidor, etc. Vueltegato Editores,
Fecha de publicación, distribución, etc. 2010.
300 ## - DESCRIPCIÓN FÍSICA
Extensión 50 p.
440 #0 - MENCIÓN DE SERIE/PUNTO DE ACCESO ADICIONAL--TÍTULO
Título Colección Miau
Designación de volumen o secuencia 1
9 (RLIN) 5748
653 10 - TÉRMINO DE INDIZACIÓN--NO CONTROLADO
Término no controlado Literatura
653 10 - TÉRMINO DE INDIZACIÓN--NO CONTROLADO
Término no controlado Literatura Latinoamericana
653 10 - TÉRMINO DE INDIZACIÓN--NO CONTROLADO
Término no controlado Poesía - Guatemala
Holdings
Estatus retirado Estado de pérdida Fuente del sistema de clasificación o colocación Estado de daño No para préstamo Biblioteca de origen Biblioteca actual Ubicación en estantería Fecha de adquisición Total de préstamos Signatura topográfica completa Código de barras Visto por última vez Precio de reemplazo Tipo de ítem Koha
    Clasificación Decimal Dewey     Biblioteca LadoV Biblioteca LadoV   18/03/2017   861.972.81 A366r 003928 18/03/2017 18/03/2017 Material 01